00342nam a2200133Ia 4500082001200000100001900012100002000031100003800051245001500089260002700104300000800131700003700139700003200176 aR/2CS10 aShahnila Shah  aRoll No. 10CS05 aSupervisor - Engr. Fozia Noureen  0aE-Banking. aNawabshahbQUESTc2014 a67p aShmaila Shaikh (Roll No. 10CS02) aAnam Shah (Roll No. 10CS08)